<?xml version="1.0" encoding="UTF-8"?>
<record
    xmlns:xsi="http://www.w3.org/2001/XMLSchema-instance"
    xsi:schemaLocation="http://www.loc.gov/MARC21/slim http://www.loc.gov/standards/marcxml/schema/MARC21slim.xsd"
    xmlns="http://www.loc.gov/MARC21/slim">

  <leader>01237nam a2200277z  4500</leader>
  <controlfield tag="003">MX-LbUP</controlfield>
  <controlfield tag="005">20240829110704.0</controlfield>
  <controlfield tag="008">  a523227c2007         |               sp     9222223322spa22</controlfield>
  <datafield tag="020" ind1=" " ind2=" ">
    <subfield code="a">9788478290826</subfield>
  </datafield>
  <datafield tag="040" ind1=" " ind2=" ">
    <subfield code="c">MX-LbUP</subfield>
  </datafield>
  <datafield tag="050" ind1="1" ind2="0">
    <subfield code="a">QP31.2 </subfield>
    <subfield code="b">M69 2007</subfield>
  </datafield>
  <datafield tag="100" ind1="1" ind2=" ">
    <subfield code="a">Moyes, Christopher D.</subfield>
    <subfield code="9">1251</subfield>
    <subfield code="e">autor</subfield>
  </datafield>
  <datafield tag="240" ind1="1" ind2="0">
    <subfield code="a">Principles of animal physiology.</subfield>
    <subfield code="l">Espa&#xF1;ol</subfield>
  </datafield>
  <datafield tag="245" ind1="1" ind2="0">
    <subfield code="a">Principios de fisiolog&#xED;a animal / </subfield>
    <subfield code="c">Cristopher D. Moyes, Patricia M. Schulte ; traducci&#xF3;n, Mar&#xED;a Gonz&#xE1;lez Moreno, Beatriz Gal Iglesias, Elena</subfield>
  </datafield>
  <datafield tag="260" ind1=" " ind2=" ">
    <subfield code="a">Madrid, Espa&#xF1;a : </subfield>
    <subfield code="b">Pearson Addison Wesley,</subfield>
    <subfield code="c">c2007</subfield>
  </datafield>
  <datafield tag="300" ind1=" " ind2=" ">
    <subfield code="a">xxxi, 767 p&#xE1;ginas : </subfield>
    <subfield code="b">ilustraciones a color, diagramas, f&#xF3;rmulas, gr&#xE1;ficas, tablas ;</subfield>
    <subfield code="c">27 cm.</subfield>
  </datafield>
  <datafield tag="500" ind1=" " ind2=" ">
    <subfield code="a">Incluye &#xED;ndice.</subfield>
  </datafield>
  <datafield tag="500" ind1=" " ind2=" ">
    <subfield code="a">Traducci&#xF3;n de: Principles of animal physiology.</subfield>
  </datafield>
  <datafield tag="650" ind1=" " ind2="0">
    <subfield code="a">Fisiolog&#xED;a</subfield>
    <subfield code="9">1253</subfield>
  </datafield>
  <datafield tag="700" ind1="1" ind2=" ">
    <subfield code="a">Schulte, Patricia M.</subfield>
    <subfield code="9">1254</subfield>
    <subfield code="e">coautor</subfield>
  </datafield>
  <datafield tag="700" ind1="1" ind2=" ">
    <subfield code="a">Gonz&#xE1;lez M., Mar&#xED;a Cristina</subfield>
    <subfield code="q">(Gonz&#xE1;lez Moreno)</subfield>
    <subfield code="9">1255</subfield>
    <subfield code="e">traductor</subfield>
  </datafield>
  <datafield tag="700" ind1="1" ind2=" ">
    <subfield code="a">Gal Iglesias, Beatriz</subfield>
    <subfield code="9">11191</subfield>
    <subfield code="e">traductor</subfield>
  </datafield>
  <datafield tag="700" ind1="1" ind2=" ">
    <subfield code="a">Sanjos&#xE9; Rom&#xE1;n, Elena</subfield>
    <subfield code="9">11192</subfield>
    <subfield code="e">traductor</subfield>
  </datafield>
  <datafield tag="856" ind1=" " ind2=" ">
    <subfield code="3">Tabla de contenido</subfield>
    <subfield code="u">http://www.unpa.edu.mx/bibliotecas/images/portadas/Tablas%20de%20contenido/3184.pdf</subfield>
  </datafield>
  <datafield tag="942" ind1=" " ind2=" ">
    <subfield code="2">lcc</subfield>
    <subfield code="c">LB</subfield>
  </datafield>
  <datafield tag="999" ind1=" " ind2=" ">
    <subfield code="c">487</subfield>
    <subfield code="d">487</subfield>
  </datafield>
  <datafield tag="952" ind1=" " ind2=" ">
    <subfield code="0">0</subfield>
    <subfield code="1">0</subfield>
    <subfield code="2">lcc</subfield>
    <subfield code="4">0</subfield>
    <subfield code="7">0</subfield>
    <subfield code="a">UNPALB</subfield>
    <subfield code="b">UNPALB</subfield>
    <subfield code="d">2023-07-11</subfield>
    <subfield code="i">003518</subfield>
    <subfield code="l">2</subfield>
    <subfield code="o">QP31.2 M69 2007</subfield>
    <subfield code="p">003518</subfield>
    <subfield code="r">2024-03-11 13:52:50</subfield>
    <subfield code="s">2024-03-11</subfield>
    <subfield code="t">Ej. 1</subfield>
    <subfield code="w">2023-07-11</subfield>
    <subfield code="y">LB</subfield>
  </datafield>
</record>
